| 000 | 00441nam a2200157 a 4500 | ||
|---|---|---|---|
| 005 | 20140414131935.0 | ||
| 008 | 110118s19uu xx 00 eng d | ||
| 050 |
_aREF 567.9 _bH78 1992 |
||
| 100 | _aHorner, John R. | ||
| 245 |
_aDigging up Tyrannosaurus re / _cJohn R. Horner & Don Lessem. |
||
| 260 |
_aNew York : _bScholastic , _cc1992. |
||
| 650 | _aTyrannosaurus rex. | ||
| 650 | _aDinosaurs. | ||
| 650 | _aFossils. | ||
| 999 |
_c112398 _d112398 |
||